[Event "ICS rated blitz match"]
[Site "204.178.125.65"]
[Date "2000.04.11"]
[Round "?"]
[White "Hossa"]
[Black "Schleifer"]
[Result "0-1"]
[WhiteElo "2462"]
[BlackElo "2208"]
[PlyCount "104"]

1. e4 e5 2. Nf3 Nc6 3. Nc3 Nf6 4. Nxe5 Nxe5 5. d4 Ng6 6. e5 Ng8 7. Bc4 d6 8.
Qf3 Qd7 9. O-O dxe5 10. dxe5 Bc5 11. Rd1 Nxe5 12. Qg3 Qf5 13. Nb5 Nf6 14. Nxc7+
Ke7 15. Bd3 Nxd3 16. cxd3 Bd6 17. Qe3+ Be6 18. Nxa8 Qh5 19. f3 Qxh2+ 20. Kf1
Rxa8 21. Qg1 Qxg1+ 22. Kxg1 Nd5 23. d4 Rc8 24. Bd2 Rc2 25. b3 Ba3 26. Bc1 Bb4
27. a3 Bc3 28. Rb1 Bf5 29. g4 Bg6 30. b4 Ra2 31. Rb3 Bc2 32. Rxc3 Bxd1 33. Rd3
Ba4 34. Rd2 Ra1 35. Re2+ Kd6 36. Re1 Ra2 37. Re5 Bd1 38. g5 Rc2 39. Be3 Bxf3
40. Bf2 Nf4 41. Kh2 Bd1 42. Kg3 Nd3 43. Rb5 Rxf2 44. Rxb7 Rf4 45. Rxa7 Rg4+ 46.
Kh2 Bf3 47. Ra6+ Kd5 48. Ra5+ Kxd4 49. Rf5 Rg2+ 50. Kh3 Nf2+ 51. Kh4 Rg4+ 52.
Kh5 Rf4# 0-1

[Event "ICS rated blitz match"]
[Site "204.178.125.65"]
[Date "2000.04.11"]
[Round "?"]
[White "Hossa"]
[Black "PostModernist"]
[Result "1-0"]
[WhiteElo "2450"]
[BlackElo "2566"]
[PlyCount "66"]

1. e4 e5 2. Nf3 Nc6 3. Nc3 Nf6 4. Nxe5 Bb4 5. Nxc6 dxc6 6. d3 Qd4 7. Bd2 Ng4 8.
Qe2 Bc5 9. Nd1 O-O 10. c3 Qd8 11. g3 Ne5 12. h3 Ng6 13. Ne3 Be6 14. d4 Bb6 15.
f4 Re8 16. f5 Qf6 17. Bg2 Bd7 18. fxg6 Qxg6 19. O-O-O Qxg3 20. Bf3 c5 21. Rdg1
Qd6 22. Nc4 Bb5 23. Nxd6 Bxe2 24. Nxe8 Bxf3 25. Rxg7+ Kf8 26. Rf1 Rxe8 27. Bh6
Re6 28. Rxf3 Rxh6 29. Rgxf7+ Ke8 30. dxc5 Ba5 31. Rf8+ Ke7 32. Rb8 b6 33. b4
Rf6 1-0

[Event "ICS rated blitz match"]
[Site "204.178.125.65"]
[Date "2000.04.11"]
[Round "?"]
[White "VolcanoBoy"]
[Black "Hossa"]
[Result "0-1"]
[WhiteElo "2105"]
[BlackElo "2471"]
[PlyCount "66"]

1. e4 e5 2. Bc4 Nf6 3. d3 Nc6 4. Nf3 Bc5 5. O-O d6 6. h3 Na5 7. Bb5+ c6 8. Ba4
b5 9. Bb3 O-O 10. c3 Nxb3 11. axb3 Be6 12. Bg5 a5 13. Nbd2 Re8 14. Qc2 Bb6 15.
d4 Bc8 16. Rfd1 Qe7 17. dxe5 dxe5 18. Nf1 Rd8 19. Ng3 Rxd1+ 20. Rxd1 h6 21. Bc1
a4 22. bxa4 Rxa4 23. Nh4 Nxe4 24. Nxe4 Qxh4 25. Nd6 Bxh3 26. gxh3 Qxh3 27. b4
Qg4+ 28. Kf1 Ra2 29. Qxa2 Qxd1+ 30. Kg2 Qxd6 31. Qe2 Qg6+ 32. Kf1 Qb1 33. Qe1
h5 0-1

[Event "ICS rated blitz match"]
[Site "204.178.125.65"]
[Date "2000.04.11"]
[Round "?"]
[White "Hossa"]
[Black "VolcanoBoy"]
[Result "1-0"]
[WhiteElo "2474"]
[BlackElo "2102"]
[PlyCount "57"]

1. e4 c5 2. Nf3 Nc6 3. d4 cxd4 4. Nxd4 g6 5. Nc3 Bg7 6. Be3 Nf6 7. Bc4 O-O 8.
Bb3 Qa5 9. f3 a6 10. O-O b5 11. Nxc6 dxc6 12. e5 Nd7 13. e6 fxe6 14. Bxe6+ Kh8
15. Ne4 Nf6 16. Nc5 Rd8 17. Qc1 Nd7 18. Bxd7 Bxd7 19. Nb7 Qb4 20. c3 Qh4 21.
Bg5 Qh5 22. Nxd8 Rxd8 23. Qe3 h6 24. Bxe7 Re8 25. Rfe1 Kh7 26. Qa7 Qf5 27. g4
Qd5 28. Rad1 Qxf3 29. Qxd7 1-0

[Event "ICS rated blitz match"]
[Site "204.178.125.65"]
[Date "2000.04.11"]
[Round "?"]
[White "brutus"]
[Black "Hossa"]
[Result "0-1"]
[WhiteElo "2164"]
[BlackElo "2477"]
[PlyCount "76"]

1. e4 e5 2. Nf3 Nc6 3. Bb5 a6 4. Ba4 Nf6 5. Qe2 b5 6. Bb3 Bc5 7. c3 O-O 8. d3
b4 9. Bg5 bxc3 10. Nxc3 d6 11. h3 Be6 12. Nd5 Na5 13. Nxf6+ gxf6 14. Bh6 Nxb3
15. axb3 Re8 16. Nh4 Bb4+ 17. Kf1 c6 18. g4 Bxb3 19. Nf5 Re6 20. Rg1 d5 21. g5
fxg5 22. Bxg5 Qb8 23. Bf6+ Kf8 24. Rg8+ Kxg8 25. Qg4+ Kf8 26. Qg7+ Ke8 27. Qg8+
Bf8 28. Ng7+ Kd7 29. Qxf7+ Re7 30. Bxe7 dxe4 31. Qf5+ Kxe7 32. Nh5 exd3 33. Re1
Qd6 34. Rxe5+ Kd8 35. Nf6 d2 36. Re8+ Kc7 37. Rxa8 d1=Q+ 38. Kg2 Bd5+ 0-1

[Event "ICS rated blitz match"]
[Site "204.178.125.65"]
[Date "2000.04.11"]
[Round "?"]
[White "Hossa"]
[Black "brutus"]
[Result "1-0"]
[WhiteElo "2482"]
[BlackElo "2159"]
[PlyCount "93"]

1. e4 e6 2. d4 d5 3. Nc3 Nf6 4. Bg5 Bb4 5. e5 h6 6. Bd2 Bxc3 7. bxc3 Ne4 8. Nf3
c5 9. Bd3 Nxd2 10. Qxd2 cxd4 11. cxd4 Nc6 12. O-O Bd7 13. Rab1 Na5 14. Qc3 Rc8
15. Qb2 O-O 16. Rfe1 b6 17. Ba6 Rc7 18. Re2 Qe7 19. Rbe1 Nc4 20. Bxc4 Rxc4 21.
Rc1 Rfc8 22. Nd2 Qb4 23. Nxc4 Qxc4 24. Rd2 Ba4 25. Qa3 b5 26. f4 g6 27. c3 a6
28. g3 Qc6 29. Qe7 Rc7 30. Qd8+ Kh7 31. a3 Qd7 32. Qxd7 Rxd7 33. Rb2 Rc7 34. g4
Kg7 35. Rf2 Bb3 36. f5 Bc4 37. fxe6 fxe6 38. h4 Bd3 39. Rf6 Re7 40. Kf2 Be4 41.
Ke2 Bg2 42. h5 g5 43. Rg1 Be4 44. Rgf1 Bh7 45. Kd2 Bg8 46. Rg6+ Kh7 47. Rff6
1-0

[Event "ICS rated blitz match"]
[Site "204.178.125.65"]
[Date "2000.04.11"]
[Round "?"]
[White "brutus"]
[Black "Hossa"]
[Result "0-1"]
[WhiteElo "2155"]
[BlackElo "2486"]
[PlyCount "156"]

1. d4 Nc6 2. Nf3 Nf6 3. c4 e6 4. Nc3 d5 5. Bg5 Be7 6. e3 dxc4 7. Bxc4 Bd7 8.
O-O O-O 9. Rc1 h6 10. Bf4 Nh5 11. Bg3 Nxg3 12. hxg3 a6 13. Qd3 Re8 14. Rfd1 Rb8
15. Qe4 Bd6 16. Ne5 Qe7 17. Bd3 f5 18. Nxc6 Bxc6 19. Qh4 Qf7 20. Bc4 Be7 21.
Qh3 Red8 22. g4 fxg4 23. Qxg4 Rd6 24. Ne4 Bxe4 25. Qxe4 Rf8 26. f3 c6 27. Bd3
g5 28. Kf2 h5 29. Rh1 g4 30. f4 h4 31. g3 h3 32. Rc5 Rd5 33. Rc2 Rg5 34. Rhc1
Rh5 35. Kg1 Rf5 36. Bc4 Rd5 37. Kh2 Rd6 38. a3 a5 39. Ba2 Qf5 40. Qh1 Qg6 41.
Bb1 Qf7 42. Rc3 Rd7 43. Qe4 Bd8 44. Qd3 Bb6 45. Qe2 Qh5 46. Ba2 Rf6 47. Qd3
Rdf7 48. Qe4 Re7 49. Bb1 Ba7 50. Ba2 Qb5 51. R3c2 Qf5 52. Qh1 Ref7 53. Bb1 Qh5
54. Qe4 Qd5 55. Rc4 c5 56. Rxc5 Bxc5 57. Rxc5 Qxe4 58. Bxe4 b6 59. Rc6 b5 60.
Rb6 b4 61. axb4 axb4 62. Rxb4 Rd7 63. Bd3 Ra7 64. Rc4 Ra2 65. Rc2 Ra1 66. Bc4
Kg7 67. b4 Re1 68. Rc3 Rb1 69. b5 Rb2+ 70. Kh1 Kf8 71. Bb3 Rh6 72. b6 h2 73.
Bc2 Rxb6 74. Be4 Ra6 75. Rc1 Ra3 76. Re1 Rh3 77. Kg2 Rxe3 78. Kh1 Rxe1+ 0-1

[Event "ICS rated blitz match"]
[Site "204.178.125.65"]
[Date "2000.04.11"]
[Round "?"]
[White "TASC"]
[Black "Hossa"]
[Result "1-0"]
[WhiteElo "2390"]
[BlackElo "2490"]
[PlyCount "77"]

1. e4 d6 2. d4 g6 3. Nc3 Nd7 4. Nf3 Bg7 5. Bc4 Nb6 6. Bb3 Nf6 7. O-O Bg4 8. h3
Bxf3 9. Qxf3 c6 10. e5 dxe5 11. dxe5 Nfd5 12. Nxd5 cxd5 13. Re1 O-O 14. Bg5 f6
15. exf6 Bxf6 16. Qe3 Bxg5 17. Qxg5 Rf6 18. Re5 e6 19. Rae1 Nc4 20. Bxc4 dxc4
21. c3 a5 22. Qh4 Qf8 23. Rxe6 Rf4 24. g4 b5 25. Re7 h5 26. Qg5 Rf6 27. gxh5 b4
28. hxg6 Raa6 29. Qd5+ Rf7 30. gxf7+ Kh7 31. Re8 Qg7+ 32. Kh2 Rf6 33. Qh5+ Rh6
34. f8=N+ Kh8 35. Ne6+ Kh7 36. Ng5+ Qxg5 37. Qxg5 Re6 38. R8xe6 bxc3 39. Rh6#
1-0

[Event "ICS rated blitz match"]
[Site "204.178.125.65"]
[Date "2000.04.11"]
[Round "?"]
[White "Hossa"]
[Black "imbecile"]
[Result "1-0"]
[WhiteElo "2470"]
[BlackElo "2012"]
[PlyCount "77"]

1. e4 e6 2. d4 d5 3. Nc3 Bb4 4. e5 c5 5. a3 Bxc3+ 6. bxc3 Ne7 7. Qg4 Nf5 8. Bd3
h5 9. Qf4 Qh4 10. Ne2 Qxf4 11. Nxf4 g6 12. Bb2 c4 13. Bxf5 gxf5 14. Bc1 Bd7 15.
Ne2 Ba4 16. Ra2 Nd7 17. Bg5 Rc8 18. Nf4 Rc6 19. O-O Rb6 20. Re1 Kf8 21. Bd8 Rb5
22. h4 Ke8 23. Bg5 Rb6 24. g3 Kf8 25. Bf6 Nxf6 26. exf6 Rh6 27. f3 Ke8 28. Nxd5
Rc6 29. Rb2 b5 30. Nf4 Kf8 31. Re5 a6 32. Rc5 Rxc5 33. dxc5 e5 34. Nd5 Ke8 35.
c6 Kd8 36. Kf2 Rg6 37. c7+ Kc8 38. Ne7+ Kxc7 39. Nxg6 1-0

[Event "ICS rated blitz match"]
[Site "204.178.125.65"]
[Date "2000.04.11"]
[Round "?"]
[White "imbecile"]
[Black "Hossa"]
[Result "0-1"]
[WhiteElo "2010"]
[BlackElo "2472"]
[PlyCount "92"]

1. d4 d5 2. Nf3 Nf6 3. e3 e6 4. Bd3 c5 5. c3 Be7 6. Nbd2 Nc6 7. O-O O-O 8. Qe2
Bd6 9. dxc5 Bxc5 10. e4 Bb6 11. e5 Nd7 12. Nb3 Kh8 13. Qc2 Ndxe5 14. Nxe5 Nxe5
15. Bf4 Nxd3 16. Qxd3 f6 17. Bg3 a5 18. Rad1 a4 19. Nd4 a3 20. b3 e5 21. Nc2
Bg4 22. Rd2 Be6 23. Nb4 Ba5 24. Nxd5 Bxd5 25. Qxd5 Bxc3 26. Rd3 Qxd5 27. Rxd5
Rfd8 28. Rfd1 Bd4 29. Rxd8+ Rxd8 30. Kf1 Rc8 31. Rd2 Kg8 32. f4 Be3 33. Re2
exf4 34. Be1 Rc1 35. g3 g5 36. gxf4 gxf4 37. Kg2 Bc5 38. Kf3 Bd6 39. Bf2 Rc3+
40. Kg4 Kf7 41. Rd2 Ke6 42. h4 Be5 43. Kh5 Kf5 44. Kh6 Rc7 45. h5 f3 46. b4
Bf4# 0-1

[Event "ICS rated blitz match"]
[Site "204.178.125.65"]
[Date "2000.04.11"]
[Round "?"]
[White "Hossa"]
[Black "scriabin"]
[Result "0-1"]
[WhiteElo "2474"]
[BlackElo "2108"]
[PlyCount "136"]

1. e4 e6 2. d4 d5 3. Nc3 Bb4 4. e5 c5 5. a3 Bxc3+ 6. bxc3 Ne7 7. Nf3 Bd7 8. a4
Qa5 9. Bd2 Nbc6 10. Be2 f6 11. c4 Qc7 12. cxd5 Nxd5 13. c4 Ndb4 14. exf6 gxf6
15. dxc5 O-O-O 16. O-O e5 17. Qb3 Na6 18. Be3 Rhg8 19. Rfd1 f5 20. Rd5 Be6 21.
Rxd8+ Rxd8 22. Ng5 Bg8 23. Rd1 f4 24. Bc1 Nxc5 25. Rxd8+ Qxd8 26. Qa3 Qxg5 27.
Qxc5 Qe7 28. Qxe7 Nxe7 29. Ba3 Nc6 30. Bd6 Kd7 31. c5 Bd5 32. Bg4+ Kd8 33. g3
fxg3 34. hxg3 Bb3 35. a5 Nxa5 36. Bxe5 Nc6 37. Bf6+ Ke8 38. Bc8 Na5 39. Bc3 b6
40. Bf5 h6 41. Bxa5 bxa5 42. Bg6+ Kd8 43. f4 a4 44. Kf2 a3 45. Bb1 a2 46. Bxa2
Bxa2 47. Ke3 Be6 48. Kd4 a5 49. Ke4 a4 50. Kd3 Kc7 51. Kc2 a3 52. f5 Bf7 53.
Kc3 Kc6 54. g4 Kxc5 55. f6 Kd6 56. Kc2 Ke5 57. Kd2 Kxf6 58. Kc3 Kg5 59. Kd4 a2
60. Ke3 a1=Q 61. Kd3 Bd5 62. Kd2 Qa3 63. Ke2 Be4 64. Kd2 Qd3+ 65. Ke1 Kxg4 66.
Kf2 Qd2+ 67. Kf1 Kf3 68. Kg1 Qg2# 0-1

[Event "ICS rated blitz match"]
[Site "204.178.125.65"]
[Date "2000.04.11"]
[Round "?"]
[White "Themanfromrio"]
[Black "Hossa"]
[Result "1/2-1/2"]
[WhiteElo "2047"]
[BlackElo "2445"]
[PlyCount "76"]

1. c4 e5 2. Nc3 Nf6 3. g3 d5 4. cxd5 Nxd5 5. Bg2 Nb6 6. d3 Be7 7. Nf3 Nc6 8.
O-O h5 9. h4 Be6 10. Ng5 Bd7 11. Be3 f6 12. Nge4 Nd4 13. a4 Bc6 14. a5 Nd7 15.
a6 b5 16. Bxd4 exd4 17. Nb1 Nb8 18. Nbd2 f5 19. Ng5 Bxg2 20. Kxg2 Bxg5 21. hxg5
h4 22. Rh1 Qxg5 23. Nf3 Qg4 24. Qb3 h3+ 25. Kh2 f4 26. Qd5 c6 27. Qxd4 O-O 28.
Rhg1 fxg3+ 29. Rxg3 Qxd4 30. Nxd4 Rxf2+ 31. Kxh3 Rf6 32. Rg2 Nd7 33. Rag1 Rh6+
34. Kg3 Rf8 35. e4 Rg6+ 36. Kh2 Rh6+ 37. Kg3 Rg6+ 38. Kh2 Rh6+ 1/2-1/2

[Event "ICS rated standard match"]
[Site "204.178.125.65"]
[Date "2000.04.11"]
[Round "?"]
[White "Zonda"]
[Black "Hossa"]
[Result "1-0"]
[WhiteElo "2107"]
[BlackElo "2293"]
[PlyCount "121"]

1. d4 d5 2. Nf3 Nf6 3. c4 e6 4. Nc3 c6 5. Bg5 dxc4 6. e4 Qb6 7. Qc2 Qa6 8. Be2
c5 9. d5 Nbd7 10. O-O h6 11. Bh4 Bd6 12. a4 Ne5 13. Nb5 Nxf3+ 14. Bxf3 Be5 15.
Bg3 Bxg3 16. hxg3 Qb6 17. d6 O-O 18. e5 Ne8 19. Qxc4 a6 20. Nc3 f6 21. a5 Qb4
22. Qxb4 cxb4 23. Na4 Bd7 24. Nb6 Rd8 25. Bg4 Kf7 26. f4 Bb5 27. Rfc1 g6 28.
Bf3 fxe5 29. fxe5 Ng7 30. g4 Kg8 31. Rc7 Rf4 32. Rxb7 b3 33. Ra3 Rb4 34. Rc7
Kh7 35. Rc3 Rd4 36. Raxb3 Rg8 37. Rxb5 axb5 38. a6 Rd2 39. Rb3 h5 40. a7 hxg4
41. Bxg4 Nf5 42. Bxf5 exf5 43. a8=Q Rxa8 44. Nxa8 g5 45. Rxb5 Kg6 46. Nb6 Rd1+
47. Kf2 Kf7 48. Rd5 Rxd5 49. Nxd5 Ke6 50. b4 g4 51. Nf4+ Kxe5 52. d7 Kd4 53.
d8=Q+ Kc4 54. Qd5+ Kxb4 55. Qc6 Kb3 56. Ke2 Kb4 57. Nd5+ Kb3 58. Qc3+ Ka2 59.
Qb4 Ka1 60. Nc3 g3 61. Qa3# 1-0

[Event "ICS rated standard match"]
[Site "204.178.125.65"]
[Date "2000.04.11"]
[Round "?"]
[White "Hossa"]
[Black "DrVigilante"]
[Result "0-1"]
[WhiteElo "2291"]
[BlackElo "2537"]
[PlyCount "100"]

1. e4 e5 2. Nf3 Nc6 3. Nc3 Nf6 4. Nxe5 Nxe5 5. d4 Nc6 6. d5 Ne5 7. f4 Ng6 8. e5
Ng8 9. d6 cxd6 10. exd6 Qa5 11. h4 h5 12. Be3 Kd8 13. Qd2 Nh6 14. Bd3 Ng4 15.
Bxg6 fxg6 16. Bg1 Nh6 17. O-O-O Nf5 18. Rh3 b6 19. Rd3 Qb4 20. Re1 Bb7 21. g3
Qc4 22. Kb1 Qc6 23. Ne4 Qxe4 24. Rxe4 Bxe4 25. Rc3 Bxd6 26. Qe2 Re8 27. Qa6 Re6
28. Bf2 Ne7 29. Rc4 Bd5 30. Ra4 Bc6 31. f5 gxf5 32. Rc4 Nd5 33. Rd4 Bc5 34. Qc4
Bxd4 35. Qxd4 Re2 36. b4 Nxb4 37. Qxb4 Rxf2 38. Qd4 Rg2 39. Qxg7 Be4 40. Qh8+
Kc7 41. Qxh5 Rxc2 42. Qg5 Kb7 43. Ka1 Rac8 44. Qe3 Rg2 45. Qe1 Rcc2 46. Qb1
Rcd2 47. a4 Bxb1 48. a5 Bd3 49. a6+ Kxa6 50. g4 Rd1# 0-1

[Event "ICS rated blitz match"]
[Site "204.178.125.65"]
[Date "2000.04.11"]
[Round "?"]
[White "Hossa"]
[Black "triskelon"]
[Result "0-1"]
[WhiteElo "2429"]
[BlackElo "2776"]
[PlyCount "222"]
[EventDate "2000.??.??"]

1. e4 c5 2. Nf3 Nc6 3. d4 cxd4 4. Nxd4 Nf6 5. Nc3 e5 6. Ndb5 d6 7. Bg5 a6 8.
Na3 b5 9. Bxf6 gxf6 10. Nd5 Bg7 11. Bd3 Ne7 12. Nxe7 Qxe7 13. c3 f5 14. O-O O-O
15. Nc2 Bb7 16. exf5 d5 17. Qh5 Qf6 18. Rfe1 Kh8 19. Ne3 e4 20. Bc2 Qe5 21.
Rad1 Rad8 22. Ng4 Qe7 23. Bb3 Bc6 24. f6 Bxf6 25. Bxd5 Bxd5 26. Rxd5 Bg7 27.
Qf5 Rxd5 28. Qxd5 f5 29. Ne3 f4 30. Nc2 e3 31. fxe3 fxe3 32. Nxe3 b4 33. Qd2
bxc3 34. bxc3 Qc5 35. Rf1 Re8 36. Rf3 Bh6 37. Kf2 Bg7 38. Qd7 Rb8 39. Kg3 Qe5+
40. Kg4 Rg8 41. Kh3 Qh5+ 42. Kg3 Bxc3+ 43. Kf2 Qxh2 44. Rh3 Qf4+ 45. Kg1 Qe4
46. a3 Bf6 47. Kh1 Rd8 48. Qf7 Qb1+ 49. Kh2 Be5+ 50. g3 Bg7 51. Rh4 Rf8 52. Qe7
Rf2+ 53. Ng2 Qb2 54. Qe4 h6 55. Qa8+ Kh7 56. Rf4 Rxf4 57. gxf4 Qxa3 58. Qe4+
Kh8 59. Ne3 Qb2+ 60. Kg3 Qd4 61. Qe8+ Kh7 62. Kf3 Qd3 63. f5 Qd6 64. Qe4 Qd4
65. Qa8 Qa1 66. Qe8 Qh1+ 67. Kf4 Qh4+ 68. Kf3 Qh3+ 69. Ke4 Qg3 70. Qe7 Qh2 71.
Kf3 Qh1+ 72. Kg3 Qg1+ 73. Kf3 Qg5 74. Qd7 h5 75. Qe6 a5 76. Qd5 a4 77. Qe4 Bh6
78. f6+ Qg6 79. Qe7+ Kg8 80. Qd8+ Bf8 81. Qd5+ Qf7 82. Qg5+ Kh7 83. Qf5+ Kh8
84. Qe5 a3 85. Kf2 a2 86. Ke2 Bd6 87. Qd4 Bc5 88. Qa4 Qe6 89. Qa8+ Qg8 90.
Qxg8+ Kxg8 91. Nc2 Bd4 92. Kd3 Kf7 93. Kxd4 h4 94. Ke3 Kxf6 95. Kf4 Ke6 96. Kg4
Kd6 97. Kh3 Kc5 98. Na1 Kd4 99. Kg2 Kc3 100. Kh3 Kb2 101. Kxh4 Kxa1 102. Kg5
Kb2 103. Kf5 a1=Q 104. Kg5 Kc3 105. Kg6 Kd4 106. Kf6 Ke4+ 107. Ke6 Qe5+ 108.
Kf7 Kf5 109. Kg8 Qc7 110. Kh8 Kf6 111. Kg8 Qg7# 0-1

[Event "ICS rated blitz match"]
[Site "204.178.125.65"]
[Date "2000.04.11"]
[Round "?"]
[White "Hossa"]
[Black "counterplay"]
[Result "0-1"]
[WhiteElo "2425"]
[BlackElo "2752"]
[PlyCount "90"]

1. e4 c5 2. Nf3 d6 3. d4 cxd4 4. Nxd4 Nf6 5. Nc3 Nc6 6. Be3 e6 7. Bb5 Bd7 8.
Ba4 Ne5 9. Bxd7+ Qxd7 10. O-O Nc4 11. Bc1 Be7 12. g4 Qc8 13. g5 Nd7 14. f4 O-O
15. f5 e5 16. Nd5 Bd8 17. Nb3 Ndb6 18. Nc3 a5 19. a4 Re8 20. f6 gxf6 21. gxf6
Kh8 22. Kh1 Rg8 23. Bh6 Rg6 24. Bg7+ Kg8 25. Rf3 Qg4 26. Qf1 Nxb2 27. Rg3 Qe6
28. Ra2 Rxg3 29. hxg3 Qc8 30. Qf3 N6xa4 31. Nd5 Qh3+ 32. Kg1 Rc8 33. Qf2 Rc3
34. Nxc3 Bb6 35. Nd5 Bxf2+ 36. Kxf2 Qh2+ 37. Kf3 h5 38. Ra1 Qxc2 39. Ne7+ Kh7
40. Bh8 Nc3 41. Nd4 exd4 42. g4 Qe2+ 43. Kg3 Nxe4+ 44. Kh3 Qf2 45. gxh5 Qg3#
0-1

[Event "ICS rated blitz match"]
[Site "204.178.125.65"]
[Date "2000.04.11"]
[Round "?"]
[White "triskelon"]
[Black "Hossa"]
[Result "1-0"]
[WhiteElo "2761"]
[BlackElo "2424"]
[PlyCount "103"]

1. e4 e5 2. Nf3 Nc6 3. Bb5 a6 4. Ba4 Nf6 5. O-O Be7 6. Re1 b5 7. Bb3 O-O 8. c3
d5 9. exd5 Nxd5 10. Nxe5 Nxe5 11. Rxe5 c6 12. Bxd5 cxd5 13. d4 Bd6 14. Re3 Qh4
15. h3 Qf4 16. Re5 Qf6 17. Re1 Qg6 18. Qf3 Be6 19. a4 Rae8 20. Be3 b4 21. cxb4
Bxb4 22. Nc3 Rc8 23. Rec1 Bxc3 24. bxc3 Qd3 25. Ra3 Rb8 26. Qg3 Rb1 27. Rxb1
Qxb1+ 28. Kh2 Bf5 29. Bf4 Qf1 30. Rb3 Bg6 31. Bd6 Re8 32. Qe5 f6 33. Qxd5+ Bf7
34. Qc6 Qxf2 35. Rb7 Qe2 36. Ra7 a5 37. Rxa5 Re6 38. Ra8+ Be8 39. Qd5 Kf7 40.
Ra7+ Kg6 41. Bf8 Bf7 42. Qb7 Kg5 43. Qxf7 g6 44. Qxh7 Qh5 45. Qc7 Qd1 46. Ra5+
f5 47. h4+ Kh5 48. g4+ Kxh4 49. Qg3+ Kg5 50. gxf5+ Kh5 51. fxe6+ g5 52. Rxg5#
1-0

[Event "ICS Rated blitz match"]
[Site "204.178.125.65"]
[Date "2000.04.11"]
[Round "?"]
[White "JudgeTurpin"]
[Black "Hossa"]
[Result "1-0"]
[WhiteElo "2665"]
[BlackElo "2420"]
[PlyCount "153"]

1. d4 Nc6 2. Nf3 Nf6 3. d5 Nb4 4. e4 Nxe4 5. Nc3 Nxc3 6. bxc3 Na6 7. Ne5 g6 8.
Bxa6 Bg7 9. Bf4 bxa6 10. Rb1 c6 11. O-O Qa5 12. c4 f6 13. Nf3 Qxa2 14. Qd3 Qa5
15. Rfe1 Qd8 16. Qe3 O-O 17. Qxe7 Qxe7 18. Rxe7 cxd5 19. cxd5 f5 20. Bd6 h6 21.
c4 g5 22. Ree1 Rf6 23. c5 Rf7 24. Ne5 Bxe5 25. Rxe5 Kg7 26. Re3 f4 27. Re8 Rf5
28. c6 dxc6 29. dxc6 Rd5 30. Bf8+ Kf7 31. Rbe1 h5 32. c7 Rd7 33. Bh6 Rxc7 34.
Bxg5 Rc4 35. h4 Kg6 36. Rg8+ Kh7 37. Rd8 Rc7 38. Bxf4 Rf7 39. Bc1 Rc7 40. Rd5
Kg6 41. Rg5+ Kf7 42. Rxh5 Rc6 43. Rh7+ Kg8 44. Rhe7 Bf5 45. Bf4 Rf6 46. g3 Bd3
47. Rd1 Bc4 48. Rc7 Bb5 49. Rd5 Rg6 50. Re5 Rg7 51. Rg5 Rxg5 52. Bxg5 a5 53. f4
Be8 54. Bf6 Bf7 55. g4 a4 56. Kf2 a3 57. g5 a2 58. g6 Bd5 59. h5 a1=Q 60. Bxa1
Be4 61. Rh7 Kf8 62. Bf6 Ke8 63. Rh8+ Kd7 64. g7 Bh7 65. Rxa8 Ke6 66. g8=Q+ Bxg8
67. Rxg8 Kxf6 68. Rg6+ Kf7 69. Ra6 Kg7 70. h6+ Kh7 71. Kf3 Kh8 72. Rxa7 Kg8 73.
Kg4 Kh8 74. Kg5 Kg8 75. Kg6 Kf8 76. h7 Ke8 77. h8=Q# 1-0

[Event "ICS rated blitz match"]
[Site "204.178.125.65"]
[Date "2000.04.11"]
[Round "?"]
[White "Hossa"]
[Black "JudgeTurpin"]
[Result "0-1"]
[WhiteElo "2414"]
[BlackElo "2671"]
[PlyCount "165"]

1. e4 e6 2. d4 d5 3. Nc3 Nf6 4. Bg5 Be7 5. e5 Nfd7 6. Bxe7 Qxe7 7. f4 O-O 8.
Qd2 c5 9. Nf3 Nc6 10. dxc5 Nxc5 11. O-O-O a6 12. Kb1 b5 13. Nd4 Bb7 14. Nxc6
Bxc6 15. Qd4 Rfb8 16. Bd3 b4 17. Ne2 Nxd3 18. Qxd3 Bb5 19. Qf3 Ba4 20. Nd4 Qc5
21. f5 Rc8 22. Rd2 exf5 23. Qxf5 Ra7 24. e6 Re7 25. Rf1 f6 26. Qg4 Kh8 27. Rf5
Qa5 28. b3 Be8 29. Qf3 Qc7 30. g4 Bg6 31. Rxd5 h6 32. Qe3 Rce8 33. Re2 Qb6 34.
Qd2 a5 35. Qf4 Rd8 36. Rxd8+ Qxd8 37. Qd2 Qd5 38. Re1 Qd6 39. h4 Rc7 40. Re2
Re7 41. h5 Bh7 42. Qe3 Re8 43. Kb2 Qd5 44. Qd2 Be4 45. Kc1 Kg8 46. Re1 Re7 47.
Rd1 Qe5 48. Kb1 Re8 49. Qe2 Rd8 50. Qf2 Kf8 51. Rd2 Rd5 52. Kb2 Rd6 53. Kc1 Rd8
54. Qe3 Rd6 55. Qg1 Qf4 56. Kd1 Bd5 57. e7+ Kf7 58. Kc1 Be4 59. Kd1 Kxe7 60.
Ke1 Kf8 61. Qf2 Qxg4 62. Qh2 Rd5 63. Qb8+ Kf7 64. Ne2 Qxh5 65. Rxd5 Qxd5 66.
Qc7+ Kg8 67. c4 Qe5 68. Qd8+ Kh7 69. Kf2 Bg6 70. Qa8 Bd3 71. Qf3 Qxe2+ 72. Qxe2
Bxe2 73. Kxe2 Kg6 74. c5 Kf5 75. Kd3 Ke6 76. Kc4 h5 77. Kd3 Kd5 78. c6 Kxc6 79.
Ke4 Kc5 80. Ke3 h4 81. Kf2 Kd4 82. Kg2 Kc3 83. Kf3 0-1

[Event "ICS rated standard match"]
[Site "204.178.125.65"]
[Date "2000.04.11"]
[Round "?"]
[White "chess-bomber"]
[Black "Hossa"]
[Result "0-1"]
[WhiteElo "1985"]
[BlackElo "2285"]
[PlyCount "45"]

1. g3 d5 2. Bg2 e5 3. d3 Nc6 4. Nd2 Nf6 5. c3 Bd6 6. h3 O-O 7. Qc2 a5 8. b3 Re8
9. e4 d4 10. c4 a4 11. c5 Nb4 12. Qc4 Bxc5 13. Ke2 b6 14. a3 Ba6 15. axb4 Bxc4
16. bxc5 Bxb3 17. cxb6 cxb6 18. Ngf3 Rc8 19. Nxb3 axb3 20. Rb1 Rc3 21. Bd2 Qa8
22. Rb2 Rxd3 23. Rhb1 0-1

[Event "ICS rated standard match"]
[Site "204.178.125.65"]
[Date "2000.04.11"]
[Round "?"]
[White "Hossa"]
[Black "chess-bomber"]
[Result "1-0"]
[WhiteElo "2290"]
[BlackElo "1980"]
[PlyCount "69"]

1. e4 g6 2. d4 Bg7 3. Nc3 d6 4. Nf3 c6 5. Be2 Nd7 6. O-O Qc7 7. Bd3 Ngf6 8. Bg5
h6 9. Be3 O-O 10. Qd2 Ng4 11. Bf4 e5 12. dxe5 dxe5 13. Bg3 b5 14. a4 b4 15. Ne2
a5 16. Rfd1 Re8 17. Bh4 Nb6 18. h3 Nf6 19. Bxf6 Bxf6 20. Qxh6 Be6 21. Ng5 Bxg5
22. Qxg5 Kg7 23. f4 f6 24. Qg3 Kf7 25. Qf2 Rh8 26. fxe5 f5 27. exf5 Bd5 28. Qg3
Qe7 29. Qxg6+ Kf8 30. f6 Qf7 31. Qxf7+ Kxf7 32. Nf4 Rh4 33. Bg6+ Kf8 34. g3 Rh6
35. e6 1-0

[Event "ICS Rated standard match"]
[Site "204.178.125.65"]
[Date "2000.04.11"]
[Round "?"]
[White "chess-bomber"]
[Black "Hossa"]
[Result "0-1"]
[WhiteElo "1975"]
[BlackElo "2295"]
[PlyCount "72"]

1. g3 d5 2. Bg2 c6 3. d3 Nf6 4. Nd2 e5 5. c3 Nbd7 6. Qc2 Bd6 7. Ngf3 O-O 8. O-O
Re8 9. e4 b6 10. Re1 dxe4 11. dxe4 Ba6 12. a3 Nc5 13. c4 Ne6 14. b4 Nd4 15.
Nxd4 exd4 16. Qd3 Ng4 17. h3 Ne5 18. Qb3 b5 19. c5 Bc7 20. Bf1 Bc8 21. f4 Be6
22. Qc2 Nc4 23. Nxc4 bxc4 24. Bxc4 Bxh3 25. Qd3 Qd7 26. Kf2 Red8 27. Bb2 Bg4
28. Rac1 h5 29. Rc2 h4 30. Rd2 Be6 31. Bxd4 Bxc4 32. Qxc4 Qg4 33. Qb3 g5 34. e5
gxf4 35. gxf4 Qxf4+ 36. Qf3 Qxd2+ 0-1

[Event "ICS rated standard match"]
[Site "204.178.125.65"]
[Date "2000.04.11"]
[Round "?"]
[White "Hossa"]
[Black "chess-bomber"]
[Result "1/2-1/2"]
[WhiteElo "2299"]
[BlackElo "1971"]
[PlyCount "145"]

1. e4 g6 2. d4 Bg7 3. Nc3 d6 4. Nf3 c6 5. Be2 Nd7 6. O-O Qc7 7. Bd3 Ngf6 8. Bg5
h6 9. Be3 O-O 10. Qd2 Ng4 11. Bf4 e5 12. dxe5 dxe5 13. Bg3 Re8 14. Be2 Ngf6 15.
Bh4 a6 16. Rfd1 Bf8 17. Bd3 b5 18. a3 Bb7 19. Ne2 c5 20. Nc3 c4 21. Be2 Kg7 22.
Bf1 Rad8 23. Qe2 Nc5 24. Bxf6+ Kxf6 25. g3 Kg7 26. Bg2 Be7 27. Nd5 Bxd5 28.
Rxd5 Rxd5 29. exd5 Bd6 30. Nd4 f5 31. Qe3 Be7 32. Nc6 Nd7 33. a4 Bc5 34. Qd2
Qd6 35. axb5 axb5 36. b4 cxb3 37. cxb3 e4 38. b4 Bb6 39. Ra6 e3 40. Qb2+ Qf6
41. Qxf6+ Kxf6 42. fxe3 Rxe3 43. Kf1 Rb3 44. Nb8 Rb1+ 45. Ke2 Rb2+ 46. Kd3 Nxb8
47. Rxb6+ Ke7 48. Rxb8 Rxg2 49. Rxb5 Rxh2 50. Rb6 g5 51. Ke3 Rb2 52. b5 Rb3+
53. Kf2 h5 54. Re6+ Kf7 55. b6 h4 56. gxh4 gxh4 57. Rh6 Ke8 58. Rxh4 Rxb6 59.
Ke3 Rb3+ 60. Ke2 Kf7 61. Rh6 f4 62. Kf2 Ke7 63. Kf1 Kd7 64. Rh7+ Kd6 65. Rh5
Rb2 66. Rf5 Rd2 67. Rxf4 Rxd5 68. Rg4 Ke5 69. Rh4 Rd2 70. Rh3 Kf4 71. Rh1 Rd1+
72. Kg2 Rxh1 73. Kxh1 1/2-1/2

[Event "ICS Rated standard match"]
[Site "204.178.125.65"]
[Date "2000.04.11"]
[Round "?"]
[White "SchutzmannKraus"]
[Black "Hossa"]
[Result "0-1"]
[WhiteElo "2200"]
[BlackElo "2287"]
[PlyCount "73"]

1. d4 Nf6 2. Bg5 Ne4 3. Bf4 d5 4. e3 c5 5. Bd3 Qb6 6. Bxe4 Qxb2 7. Nd2 dxe4 8.
Rb1 Qxa2 9. Ne2 cxd4 10. Nxd4 Na6 11. O-O f5 12. Qe2 Qa4 13. Ra1 Qd7 14. Nb5
Qc6 15. Nb3 Kf7 16. N3d4 Qc5 17. Ra5 e5 18. Bg3 exd4 19. Nd6+ Bxd6 20. Rxc5
Bxc5 21. exd4 Bb6 22. c3 Be6 23. f3 Rhc8 24. fxe4 Rxc3 25. Qh5+ Kg8 26. exf5
Bxd4+ 27. Kh1 Bc4 28. Re1 Rf8 29. Qg4 Bf6 30. h3 Nc5 31. Bd6 Nd3 32. Rf1 Rc1
33. Rxc1 Nf2+ 34. Kh2 Nxg4+ 35. hxg4 Rc8 36. Bf4 a5 37. g5 0-1